000 01877nas a2200445 i 4500
001 1232
003 ES-MaACL
005 20250901102120.0
007 t|
008 950801c1914 sp s|yp|rnn o| 1 ||pa d
022 _a0212-8845
080 _a351.284(460.152 B.)
080 _a339(460.152)
245 0 0 _aInformación
_b: Órgano oficial de la Cámara de Comercio de Bilbao /
_c[dir., José Barbier].
246 3 _aInformación - Cámara de Comercio, Industria y Navegación de Bilbao
246 3 _aInformación
_b: revista quincenal
246 3 1 _aBarriak
246 3 3 _aRevista económica del País Vasco
260 _aBilbao :
_bCámara de Comercio :
_bEditorial Vizcaína,
_c1914-
300 _a66 v. :
_bil., fot. ;
_c31 cm
_g(30-42 cm)
310 _aMensual
321 _aQuincenal,
_b1914-1964
362 0 _aAño 1, n. 1 (15 en. 1914)-
500 _aÍndices: colocados al final de la revista.
500 _aVaría el subtít.
525 _aSuplementos: Información. Suplemento decenal (Cámara de Comercio, Industria y Navegación de Bilbao), Comercio 45; desde 1993 se transforma en un capítulo de su contenido.
610 2 4 _aCámara de Comercio de Bilbao
_92358
650 1 7 _aComercio
_2embne
_911157
650 4 _aComercio-
_zPaís Vasco.
_9156372
651 4 _aPaís Vasco-
_xSituación económica.
_9156373
700 1 _aBarbier, José.
_925456
700 1 _aCarabias, Julio.
_934926
700 1 _aOlascoaga, Ramón de,
_d1864-1942
_9156374
710 2 _aCámara de Comercio de Bilbao
_92358
710 2 _aCámara de Comercio de Bilbao
_92358
740 0 2 _aInformación.
_pAnuario.
_n1984/1985-
852 _aES-MaACL
_jHem-526
866 0 _o(1914)1915-35(1936f.n.548)(1937f.n.552)(1938f.n.565-584)1939(1940-41)(1942f.n.643)1943-58(1959f.n.1038)1960-65(1966f.n.1186)1967-91(1992 hasta n 1480 oct.).
999 _c1232
_d1232